[Event "DEM U10/U10w 2000"]
[Site "Überlingen GER"]
[Date "2000.06.09"]
[Round "10"]
[White "Fink, Leander"]
[Black "Müller, Jan Hendrik"]
[Result "0-1"]
[Termination "normal"]
[Board "11"]
[WhiteElo "712"]
[BlackElo "1144"]
[PlyCount "94"]
[WhiteFideId "24605247"]
[BlackFideId "24615048"]
[EventCountry "GER"]
[EventRounds "11"]
[EventType "swiss"]
[EventDate "2000.06.03"]

1. e4 e5 2. Nf3 Nc6 3. d4 exd4 4. Nxd4 Bc5 5. Be3 Qf6 6. c3 Nge7 7. Bc4 O-O 8.
O-O Qg6 9. Nd2 Ne5 10. Nf5 Bd6 11. Nxd6 Qxd6 12. f4 Nxc4 13. Nxc4 Qxd1 14.
Raxd1 d6 15. f5 f6 16. Bd4 b6 17. g4 h6 18. h4 Ba6 19. Nxb6 axb6 20. Rf2 Nc6
21. Be3 Rfe8 22. Rf4 Bc4 23. a3 Ne5 24. Rd2 Nd3 25. Rf3 Rxe4 26. Rg3 Rae8 27.
b3 Rxe3 28. Rxe3 Rxe3 29. bxc4 Ne5 30. Rd4 Rxc3 31. Kg2 Rxc4 32. Rd2 Rxg4+ 33.
Kh3 Rf4 34. Rc2 c6 35. Rb2 b5 36. Rd2 d5 37. Rg2 Rxf5 38. Kh2 Rf4 39. Kh3 Nf3
40. Kg3 Nxh4 41. Rh2 g5 42. Rf2 Rxf2 43. Kxf2 Ng6 44. Kg3 f5 45. Kf3 h5 46. Kg3
g4 47. Kg2 f4 0-1

[Event "DEM U10/U10w 2000"]
[Site "Überlingen GER"]
[Date "2000.06.09"]
[Round "10"]
[White "Wittmann, Thomas"]
[Black "Ohme, Melanie"]
[Result "1-0"]
[Termination "normal"]
[Board "12"]
[WhiteElo "1070"]
[BlackElo "1121"]
[PlyCount "67"]
[BlackFideId "4690745"]
[EventCountry "GER"]
[EventRounds "11"]
[EventType "swiss"]
[EventDate "2000.06.03"]

1. e4 c5 2. Nf3 d6 3. d4 cxd4 4. Nxd4 Nf6 5. Nc3 g6 6. Be3 Bg7 7. f3 O-O 8. Qd2
Nc6 9. O-O-O Nxd4 10. Bxd4 Be6 11. Kb1 Qc7 12. h4 Rfc8 13. g4 Qa5 14. g5 Nh5
15. Bxg7 Kxg7 16. Qd4+ Kg8 17. Nd5 Bxd5 18. Qxd5 Qc7 19. Rc1 Nf4 20. Qd2 Ne6
21. Bh3 Rd8 22. Bxe6 fxe6 23. h5 d5 24. Qg2 Kf7 25. hxg6+ hxg6 26. exd5 exd5
27. Rh7+ Ke8 28. Re1 Rac8 29. Qe2 Rd7 30. a3 a5 31. Qe6 Qxc2+ 32. Ka1 Kd8 33.
Qe5 e6 34. Rh8+ 1-0

[Event "DEM U10/U10w 2000"]
[Site "Überlingen GER"]
[Date "2000.06.09"]
[Round "10"]
[White "Seyb, Alexander"]
[Black "Rudolf, Sebastian"]
[Result "1/2-1/2"]
[Termination "normal"]
[Board "13"]
[WhiteElo "1052"]
[BlackElo "1063"]
[PlyCount "32"]
[WhiteFideId "4699033"]
[BlackFideId "24609390"]
[EventCountry "GER"]
[EventRounds "11"]
[EventType "swiss"]
[EventDate "2000.06.03"]

1. e4 c5 2. c3 d5 3. exd5 Qxd5 4. d4 Nf6 5. Nf3 e6 6. Nbd2 Nc6 7. Qb3 cxd4 8.
cxd4 Qxb3 9. Nxb3 Nb4 10. Kd1 Bd6 11. a3 Nbd5 12. Be3 O-O 13. Bd3 b6 14. Ke2
Bb7 15. Nbd2 Rac8 16. Rac1 Rfd8 1/2-1/2

[Event "DEM U10/U10w 2000"]
[Site "Überlingen GER"]
[Date "2000.06.09"]
[Round "10"]
[White "Katte, Nicolas"]
[Black "Jussupow, Ekaterina"]
[Result "1-0"]
[Termination "normal"]
[Board "14"]
[WhiteElo "1148"]
[BlackElo "746"]
[PlyCount "95"]
[WhiteFideId "24614149"]
[BlackFideId "24625400"]
[EventCountry "GER"]
[EventRounds "11"]
[EventType "swiss"]
[EventDate "2000.06.03"]

1. e4 e5 2. Nf3 Nc6 3. d4 exd4 4. Nxd4 Nf6 5. Nxc6 bxc6 6. Bd3 Bb7 7. O-O Bc5
8. Bg5 h6 9. Bh4 d6 10. Re1 O-O 11. Nd2 Rb8 12. Qf3 Bd4 13. c3 Bc5 14. Bxf6
Qxf6 15. Qxf6 gxf6 16. a4 a5 17. b3 Rfd8 18. Re2 d5 19. e5 d4 20. Ne4 Bb6 21.
Nxf6+ Kf8 22. c4 c5 23. e6 fxe6 24. Rxe6 Kf7 25. Rae1 Bc8 26. Bg6+ Kxg6 27.
Nd7+ Kf7 28. Re7+ Kg6 29. Nxb8 d3 30. Nc6 Rd6 31. Ne5+ Kf6 32. Nf7 Re6 33.
R7xe6+ Bxe6 34. Nxh6 c6 35. g3 Bd8 36. f3 Kg7 37. Ng4 Bxg4 38. fxg4 d2 39. Rd1
Bg5 40. h4 Be3+ 41. Kf1 Kg6 42. Ke2 Bh6 43. g5 Bg7 44. Rxd2 Bd4 45. g4 Be5 46.
Ke3 Bd4+ 47. Rxd4 cxd4+ 48. Kxd4 1-0

[Event "DEM U10/U10w 2000"]
[Site "Überlingen GER"]
[Date "2000.06.09"]
[Round "10"]
[White "Müller, Reinhold"]
[Black "Aghadjanian, Annie"]
[Result "1-0"]
[Termination "normal"]
[Board "15"]
[WhiteElo "1248"]
[BlackElo "843"]
[PlyCount "53"]
[WhiteFideId "24605875"]
[EventCountry "GER"]
[EventRounds "11"]
[EventType "swiss"]
[EventDate "2000.06.03"]

1. d4 d5 2. c4 dxc4 3. Nf3 Nf6 4. Nc3 Bg4 5. Ne5 Bh5 6. Qa4+ Nbd7 7. e4 c6 8.
Nxd7 Nxd7 9. Qxc4 e5 10. d5 b5 11. Qxc6 a6 12. Nxb5 axb5 13. Bxb5 Rb8 14. Qxd7+
Qxd7 15. Bxd7+ Kxd7 16. O-O Bb4 17. f3 Bc5+ 18. Kh1 Rb7 19. a3 Ra8 20. b4 Bxb4
21. Rb1 Rab8 22. axb4 Rxb4 23. Rxb4 Rxb4 24. Ba3 Rb3 25. Ra1 f6 26. h3 Bf7 27.
Bf8 1-0

[Event "DEM U10/U10w 2000"]
[Site "Überlingen GER"]
[Date "2000.06.09"]
[Round "10"]
[White "Dinger, Florian"]
[Black "Friedrich, Jan"]
[Result "1-0"]
[Termination "normal"]
[Board "16"]
[WhiteElo "1135"]
[BlackElo "821"]
[PlyCount "127"]
[WhiteFideId "24605573"]
[BlackFideId "24659452"]
[EventCountry "GER"]
[EventRounds "11"]
[EventType "swiss"]
[EventDate "2000.06.03"]

1. e4 c5 2. Nf3 Nc6 3. c4 g6 4. d4 cxd4 5. Nxd4 Bg7 6. Be3 d6 7. Nc3 e5 8. Nxc6
bxc6 9. Be2 Nf6 10. O-O O-O 11. f3 Bb7 12. Qd2 d5 13. cxd5 cxd5 14. exd5 Nxd5
15. Nxd5 Bxd5 16. b3 e4 17. Rad1 Bb7 18. Qxd8 Rfxd8 19. Rxd8+ Rxd8 20. fxe4 a5
21. Bf3 Bd4 22. Bxd4 Rxd4 23. Re1 Rd2 24. a4 Rb2 25. Re3 Rb1+ 26. Kf2 Rb2+ 27.
Kg3 h5 28. h4 Kg7 29. Kf4 Bc8 30. g3 Be6 31. Bd1 Rb1 32. Bc2 Rb2 33. Rc3 Kh6
34. e5 Ra2 35. Rc5 Rb2 36. Rc3 Ra2 37. Ke3 Ra1 38. Kd2 Rf1 39. Ke2 Rg1 40. Be4
Bg4+ 41. Kd2 Rd1+ 42. Ke3 Rg1 43. Kd4 Rd1+ 44. Kc5 Rd7 45. Re3 Re7 46. Bd5 Be6
47. Bxe6 Rxe6 48. Kb5 f6 49. Kxa5 fxe5 50. Kb5 Kg7 51. a5 Re8 52. a6 Kf7 53. a7
Ke6 54. Kb6 Kd5 55. b4 Kd4 56. Ra3 e4 57. a8=Q Rxa8 58. Rxa8 e3 59. Re8 Kd3 60.
Kc5 e2 61. b5 Kd2 62. b6 e1=Q 63. Rxe1 Kxe1 64. b7 1-0

[Event "DEM U10/U10w 2000"]
[Site "Überlingen GER"]
[Date "2000.06.09"]
[Round "10"]
[White "Weber, Max"]
[Black "Stock, Lara"]
[Result "0-1"]
[Termination "normal"]
[Board "17"]
[WhiteElo "911"]
[BlackElo "1114"]
[PlyCount "88"]
[WhiteFideId "24606146"]
[EventCountry "GER"]
[EventRounds "11"]
[EventType "swiss"]
[EventDate "2000.06.03"]

1. Nf3 c6 2. d4 Nf6 3. g3 d5 4. Bg2 g6 5. Nbd2 Bg7 6. c4 e6 7. a3 O-O 8. O-O
Nbd7 9. b4 Re8 10. Bb2 Rb8 11. Rc1 Nf8 12. e3 h6 13. Ne5 N8d7 14. Nd3 Qb6 15.
cxd5 exd5 16. Nc5 Nxc5 17. Rxc5 Bf5 18. Nf3 Ne4 19. Nd2 Nxd2 20. Qxd2 Qd8 21.
h3 Qd7 22. Kh2 g5 23. Rcc1 g4 24. h4 Bg6 25. Rh1 f5 26. Rce1 Qd6 27. Kg1 Ra8
28. Rc1 Rad8 29. Rc5 Bf8 30. Rc1 Rd7 31. Bf1 Rf7 32. Bg2 Bg7 33. Rd1 Bf6 34.
Rh2 Bd8 35. Rh1 Rfe7 36. Qc1 Bc7 37. Qc5 Qd7 38. Qxa7 f4 39. exf4 Re2 40. Bc1
Qe7 41. Rf1 Be4 42. Be3 Bxg2 43. Kxg2 Qxe3 44. Kg1 Qf3 0-1

[Event "DEM U10/U10w 2000"]
[Site "Überlingen GER"]
[Date "2000.06.09"]
[Round "10"]
[White "Schmidt, David"]
[Black "Bogner, Sebastian"]
[Result "1/2-1/2"]
[Termination "normal"]
[Board "18"]
[WhiteElo "1078"]
[BlackElo "768"]
[PlyCount "51"]
[BlackFideId "4692055"]
[EventCountry "GER"]
[EventRounds "11"]
[EventType "swiss"]
[EventDate "2000.06.03"]

1. e4 c5 2. Nf3 Nc6 3. d4 cxd4 4. Nxd4 d6 5. Nc3 Nf6 6. Be3 e6 7. Bc4 Be7 8. f3
O-O 9. Qd2 Bd7 10. O-O Nxd4 11. Qxd4 Rc8 12. Bb3 a6 13. Qb6 Qxb6 14. Bxb6 Bc6
15. Be3 Rfd8 16. Rad1 d5 17. e5 Nd7 18. f4 f6 19. exf6 Bxf6 20. Bd4 Bxd4+ 21.
Rxd4 Nf6 22. f5 e5 23. Rd2 Rc7 24. Re1 Re7 25. Red1 Red7 26. Ba4 1/2-1/2

[Event "DEM U10/U10w 2000"]
[Site "Überlingen GER"]
[Date "2000.06.09"]
[Round "10"]
[White "Weiß, Katharina"]
[Black "Hofmann, Christine"]
[Result "1-0"]
[Termination "normal"]
[Board "19"]
[WhiteElo "897"]
[BlackElo "966"]
[PlyCount "97"]
[WhiteFideId "24692859"]
[EventCountry "GER"]
[EventRounds "11"]
[EventType "swiss"]
[EventDate "2000.06.03"]

1. e4 c6 2. d4 d5 3. e5 Bf5 4. Bd3 Bxd3 5. Qxd3 e6 6. f4 Be7 7. Ne2 Bh4+ 8. g3
Be7 9. Be3 f6 10. Nd2 fxe5 11. dxe5 c5 12. c3 Nc6 13. O-O-O Qc7 14. h4 O-O-O
15. Kb1 Bf8 16. Rc1 c4 17. Qc2 Nge7 18. Qa4 a6 19. Rhd1 Qa5 20. Qxa5 Nxa5 21.
Bb6 Rd7 22. Bxa5 Nc6 23. Bb6 h6 24. Nd4 Nxd4 25. Bxd4 Be7 26. Nf3 Rg8 27. g4 g5
28. hxg5 hxg5 29. f5 exf5 30. gxf5 g4 31. Nd2 Bf8 32. e6 Re7 33. Bc5 Rh7 34.
Bxf8 Rxf8 35. Re1 Re7 36. Re5 g3 37. Rg1 Rg7 38. e7 Re8 39. f6 Rf7 40. Rf5 Kd7
41. Rxg3 Ke6 42. Rgf3 b5 43. Nf1 Rg8 44. a3 Kd7 45. Rxd5+ Kc7 46. Re3 Re8 47.
Re6 a5 48. Ne3 Kb7 49. Rd8 1-0

[Event "DEM U10/U10w 2000"]
[Site "Überlingen GER"]
[Date "2000.06.09"]
[Round "10"]
[White "Armbrüster, Clemens"]
[Black "Szczap, Arthur"]
[Result "0-1"]
[Termination "normal"]
[Board "20"]
[WhiteElo "584"]
[BlackElo "925"]
[PlyCount "88"]
[WhiteFideId "12969699"]
[BlackFideId "24637394"]
[EventCountry "GER"]
[EventRounds "11"]
[EventType "swiss"]
[EventDate "2000.06.03"]

1. e4 c5 2. Nf3 Nc6 3. Be2 d6 4. Nc3 e6 5. O-O Nf6 6. d4 cxd4 7. Nxd4 Be7 8.
Be3 O-O 9. Re1 a6 10. h3 Bd7 11. Qd2 Re8 12. Rad1 Rc8 13. a3 Qc7 14. b4 b5 15.
Bf1 Nxd4 16. Bxd4 e5 17. Bxe5 dxe5 18. Nd5 Nxd5 19. Qxd5 Be6 20. Qd3 Red8 21.
Qe2 Rxd1 22. Rxd1 Qxc2 23. Qf3 h6 24. Be2 Bc4 25. Bxc4 Qxc4 26. Kh2 Qc3 27. Rd3
Qc1 28. Rd7 Bf6 29. Rd6 Rc6 30. Rd7 Qf4+ 31. Qxf4 exf4 32. f3 Bb2 33. Rd3 Rc3
34. Rd8+ Kh7 35. Rd7 f6 36. Rd6 Rxa3 37. Rd2 Bc3 38. Rd3 Bxb4 39. Rd1 Bc3 40.
Rc1 b4 41. Rb1 b3 42. Rc1 b2 43. Rb1 Ra1 44. Rxa1 bxa1=Q 0-1

[Event "DEM U10/U10w 2000"]
[Site "Überlingen GER"]
[Date "2000.06.09"]
[Round "10"]
[White "Rath, Oliver"]
[Black "Herkt, Laura"]
[Result "0-1"]
[Termination "normal"]
[Board "21"]
[WhiteElo "332"]
[BlackElo "924"]
[PlyCount "96"]
[WhiteFideId "24610380"]
[EventCountry "GER"]
[EventRounds "11"]
[EventType "swiss"]
[EventDate "2000.06.03"]

1. d4 d5 2. c4 e6 3. Nc3 Nf6 4. Bg5 Nbd7 5. cxd5 exd5 6. Nxd5 Nxd5 7. Bxd8 Bb4+
8. Qd2 Bxd2+ 9. Kxd2 Kxd8 10. Rc1 c6 11. a3 N7f6 12. f3 Be6 13. e4 Nb6 14. e5
Nfd5 15. Ne2 Rc8 16. b4 h5 17. h3 g5 18. h4 gxh4 19. Rxh4 Ke7 20. g3 f6 21. f4
Rcg8 22. Bg2 Bg4 23. Bxd5 Nxd5 24. Nc3 Nxc3 25. Rxc3 Be6 26. a4 Bd5 27. Re3 b6
28. e6 f5 29. b5 cxb5 30. axb5 Be4 31. Kc3 Kxe6 32. Kc4 Kd6 33. Ra3 Ra8 34. Rh2
Bd5+ 35. Kd3 Rhg8 36. Kd2 Rh8 37. Ke3 Bc4 38. Rb2 Bd5 39. Ra4 Be6 40. Rd2 Rhe8
41. Rb4 Bd5+ 42. Kd3 Rg8 43. Rbb2 Rxg3+ 44. Kc2 Rc8+ 45. Kd1 Rg1+ 46. Ke2 Rg2+
47. Kf1 Rc1+ 48. Rd1 Rxd1# 0-1

[Event "DEM U10/U10w 2000"]
[Site "Überlingen GER"]
[Date "2000.06.09"]
[Round "10"]
[White "Geilfuss, Albert"]
[Black "Prum, Alexander"]
[Result "1/2-1/2"]
[Termination "normal"]
[Board "22"]
[WhiteElo "1297"]
[BlackElo "351"]
[PlyCount "80"]
[EventCountry "GER"]
[EventRounds "11"]
[EventType "swiss"]
[EventDate "2000.06.03"]

1. e4 e5 2. Nf3 Nc6 3. Bb5 a6 4. Ba4 Nf6 5. O-O b5 6. Bb3 Bc5 7. d3 h6 8. h3
O-O 9. Re1 d6 10. Be3 Ba7 11. Bxa7 Rxa7 12. d4 exd4 13. Nxd4 Nxd4 14. Qxd4 c5
15. Qe3 Re7 16. c3 Rfe8 17. f3 c4 18. Bc2 Bf5 19. Nd2 Qa8 20. Qd4 Qc6 21. Re2
d5 22. exd5 Nxd5 23. Rxe7 Nxe7 24. Be4 Bxe4 25. Nxe4 Nf5 26. Qd2 Qb6+ 27. Kh1
Rd8 28. Qe2 Re8 29. Qd2 Rd8 30. Qe2 Qe3 31. Re1 Qxe2 32. Rxe2 Rd1+ 33. Kh2 Kh7
34. a3 Kg6 35. Nc5 a5 36. Nb7 a4 37. Nc5 f6 38. Ne6 h5 39. Nc7 Nd6 40. Kg3 f5
1/2-1/2

[Event "DEM U10/U10w 2000"]
[Site "Überlingen GER"]
[Date "2000.06.09"]
[Round "10"]
[White "Fischer, Sven"]
[Black "Miclea, Sebastian"]
[Result "1-0"]
[Termination "normal"]
[Board "23"]
[WhiteElo "1028"]
[BlackElo "638"]
[PlyCount "102"]
[EventCountry "GER"]
[EventRounds "11"]
[EventType "swiss"]
[EventDate "2000.06.03"]

1. d4 Nf6 2. c4 e6 3. Nc3 Bb4 4. Qc2 d6 5. Bg5 Nbd7 6. e3 h6 7. Bh4 b6 8. Bd3
Bb7 9. f3 Qe7 10. Nge2 O-O 11. e4 a5 12. O-O Bxc3 13. Qxc3 e5 14. d5 Rac8 15.
Qd2 Nc5 16. Ng3 Nxd3 17. Qxd3 Qd8 18. Nh5 g5 19. Nxf6+ Qxf6 20. Be1 Ba6 21. b3
c6 22. Bc3 Qg6 23. Bb2 cxd5 24. Qxd5 Qe6 25. Rad1 Qxd5 26. Rxd5 Rfd8 27. Rfd1
Rc6 28. Bxe5 Bb7 29. Rxd6 Rcxd6 30. Rxd6 Rxd6 31. Bxd6 g4 32. Bc7 f5 33. exf5
gxf3 34. gxf3 Bxf3 35. Bxb6 Be4 36. Bxa5 Bxf5 37. Kf2 Bb1 38. b4 Bxa2 39. c5
Bc4 40. Ke3 Kf7 41. c6 Ke8 42. Kd4 Ba6 43. Kc5 h5 44. Kb6 Bc8 45. Kc7 Bg4 46.
b5 h4 47. Kb8 Ke7 48. c7 Kd6 49. c8=Q Bxc8 50. Kxc8 Kc5 51. b6 h3 1-0

[Event "DEM U10/U10w 2000"]
[Site "Überlingen GER"]
[Date "2000.06.09"]
[Round "10"]
[White "Erben, Larissa"]
[Black "Ahlers, Hendrik"]
[Result "0-1"]
[Termination "normal"]
[Board "24"]
[WhiteElo "918"]
[BlackElo "504"]
[PlyCount "106"]
[WhiteFideId "24634590"]
[EventCountry "GER"]
[EventRounds "11"]
[EventType "swiss"]
[EventDate "2000.06.03"]

1. e4 e6 2. d4 d5 3. exd5 exd5 4. Bd3 Nf6 5. Ne2 Nc6 6. c3 Bd6 7. Bf4 Be6 8.
Nd2 O-O 9. Qc2 Re8 10. Bg5 h6 11. Bh4 g6 12. O-O-O Kg7 13. f3 Ne7 14. g4 Neg8
15. g5 hxg5 16. Bxg5 Qd7 17. Rdg1 Bf5 18. Bxf5 Qxf5 19. Qxf5 gxf5 20. Nf4 Kf8
21. h4 Ke7 22. Nxd5+ Ke6 23. Nf4+ Bxf4 24. Bxf4 c6 25. h5 Ne7 26. Rh4 Rg8 27.
Rxg8 Rxg8 28. h6 Rh8 29. Nc4 Ng6 30. Rh1 Nxf4 31. Re1+ Kd7 32. Ne5+ Kc7 33.
Nxf7 Rh7 34. Re7+ Kb6 35. c4 Ka6 36. Kc2 Ng6 37. Re3 Rxf7 38. Ra3+ Kb6 39. c5+
Kc7 40. Rxa7 Rh7 41. Kb3 Kb8 42. Ra4 Rxh6 43. Rb4 Nd5 44. Rc4 Rh3 45. a4 Rxf3+
46. Ka2 Re3 47. a5 f4 48. Rc1 Re6 49. Rb1 f3 50. b4 f2 51. Rf1 Re2+ 52. Ka3 Ne3
53. Rh1 f1=Q 0-1

[Event "DEM U10/U10w 2000"]
[Site "Überlingen GER"]
[Date "2000.06.09"]
[Round "10"]
[White "Chyzynski, David"]
[Black "Nekrassowa, Katja"]
[Result "1-0"]
[Termination "normal"]
[Board "27"]
[WhiteElo "793"]
[BlackElo "361"]
[PlyCount "85"]
[WhiteFideId "12956155"]
[EventCountry "GER"]
[EventRounds "11"]
[EventType "swiss"]
[EventDate "2000.06.03"]

1. e4 e5 2. Nf3 Nc6 3. d4 exd4 4. Nxd4 Bc5 5. Be3 Qf6 6. c3 Bb6 7. Bc4 Nge7 8.
Nd2 Nxd4 9. Bxd4 Bxd4 10. cxd4 Qxd4 11. O-O Qxb2 12. Nb3 Qf6 13. f4 d6 14. f5
g6 15. fxg6 Qg7 16. Bxf7+ Kd8 17. Qd3 Rf8 18. gxh7 Qxh7 19. Bd5 Rxf1+ 20. Rxf1
Nxd5 21. Qxd5 Qe7 22. Qg8+ Kd7 23. Rf7 Qxf7 24. Qxf7+ Kc6 25. Qe8+ Kb6 26. h4
a6 27. h5 Ka7 28. h6 b5 29. h7 c5 30. h8=Q Bb7 31. Qxa8+ Bxa8 32. Qh6 Bxe4 33.
Qxd6 c4 34. Qd4+ Kb8 35. Qxe4 cxb3 36. axb3 Kc7 37. Kf2 Kb6 38. Ke3 Ka5 39. Kd3
Kb6 40. Qh4 Ka5 41. Kc3 Kb6 42. g4 Ka5 43. Qd8# 1-0

[Event "DEM U10/U10w 2000"]
[Site "Überlingen GER"]
[Date "2000.06.09"]
[Round "10"]
[White "Fischer, Patrick"]
[Black "Winkelmann, Elena"]
[Result "0-1"]
[Termination "normal"]
[Board "28"]
[WhiteElo "649"]
[BlackElo "741"]
[PlyCount "154"]
[BlackFideId "24607630"]
[EventCountry "GER"]
[EventRounds "11"]
[EventType "swiss"]
[EventDate "2000.06.03"]

1. c4 c5 2. Nc3 Nc6 3. g3 g6 4. Bg2 Bg7 5. e3 Qc7 6. Nge2 d6 7. O-O Bg4 8. h3
Bf5 9. d4 cxd4 10. exd4 Nf6 11. b3 O-O 12. Bb2 a6 13. Re1 Rad8 14. a4 Nb4 15.
d5 Nc2 16. g4 Nxe1 17. gxf5 Nxg2 18. Kxg2 Qd7 19. fxg6 fxg6 20. Nf4 {(25min)}
20... Bh6 {(10min)} 21. Ne6 Rf7 22. Qd4 Nh5 23. Ne4 Nf6 24. Ng3 Bg7 25. Qh4 Ne8
26. Bxg7 Nxg7 27. Ng5 h5 28. Nxf7 Kxf7 29. Qf4+ Kg8 30. c5 Rf8 31. Qd4 dxc5 32.
Qxc5 Qd6 33. Qxd6 exd6 34. Rc1 Nf5 35. Nxf5 Rxf5 36. Rc7 Rxd5 37. Rxb7 Ra5 38.
Rb6 d5 39. b4 Rxa4 40. Rxg6+ Kf7 41. Rd6 Rxb4 42. Rxd5 Rb5 43. Rd7+ Ke6 44. Ra7
a5 45. Ra6+ Kd5 46. Kf3 Rb3+ 47. Kg2 Rb5 48. Rh6 Kc4 49. Ra6 Kb3 50. Re6 a4 51.
Re3+ Kb4 52. Re4+ Ka5 53. Re3 Rb3 54. Re5+ Kb4 55. Re4+ Ka3 56. f4 Rb4 57. Re3+
Rb3 58. Re4 Rb2+ 59. Kg3 Rb3+ 60. Kg2 Rb2+ 61. Kg3 Kb3 62. Re1 a3 63. Ra1 a2
64. f5 Rb1 65. Rxa2 Kxa2 66. f6 Rf1 67. Kg2 Rxf6 68. Kg3 Kb3 69. Kg2 Kc3 70.
Kg3 Kd3 71. Kh4 Rf5 72. Kg3 Ke4 73. Kh4 Rf3 74. Kxh5 Rxh3+ 75. Kg6 Rg3+ 76. Kh7
Kf5 77. Kh6 Rg1 0-1

[Event "DEM U10/U10w 2000"]
[Site "Überlingen GER"]
[Date "2000.06.09"]
[Round "10"]
[White "Collmann, Martin"]
[Black "Bömelburg, Raphael"]
[Result "0-1"]
[Termination "normal"]
[Board "29"]
[WhiteElo "496"]
[BlackElo "1009"]
[PlyCount "80"]
[BlackFideId "24692441"]
[EventCountry "GER"]
[EventRounds "11"]
[EventType "swiss"]
[EventDate "2000.06.03"]

1. e4 d5 2. exd5 Qxd5 3. Nc3 Qa5 4. g3 Bf5 5. Bg2 Nd7 6. Nf3 Ngf6 7. O-O e6 8.
d3 c6 9. Bd2 Bb4 10. a3 Bxc3 11. Bxc3 Qc7 12. Re1 O-O 13. Nd4 Bg6 14. b4 c5 15.
Nb5 Qb6 16. d4 Qxb5 17. dxc5 Qc4 18. Bxf6 Nxf6 19. Rc1 Rad8 20. Qf3 Nd5 21. Bf1
Qc3 22. Qxc3 Nxc3 23. Bg2 Nd5 24. c4 Nf6 25. Bxb7 Rb8 26. c6 h6 27. c5 Nd5 28.
b5 Bd3 29. a4 Nb4 30. b6 axb6 31. cxb6 Kh7 32. c7 Rxb7 33. c8=Q Rxc8 34. Rxc8
Rxb6 35. Rd1 Be4 36. h4 Nd5 37. Kf1 Bf3 38. Rd3 Rb1+ 39. Rc1 Rxc1+ 40. Rd1
Rxd1# 0-1

[Event "DEM U10/U10w 2000"]
[Site "Überlingen GER"]
[Date "2000.06.09"]
[Round "10"]
[White "Rutz, Marco"]
[Black "Jakobi, Sabina"]
[Result "1-0"]
[Termination "normal"]
[Board "31"]
[WhiteElo "951"]
[BlackElo "713"]
[PlyCount "55"]
[EventCountry "GER"]
[EventRounds "11"]
[EventType "swiss"]
[EventDate "2000.06.03"]

1. e4 e5 2. Nf3 Nc6 3. Nc3 Bc5 4. Bc4 d6 5. d3 Nf6 6. Bd2 O-O 7. O-O Nd4 8. h3
Be6 9. Bxe6 Nxe6 10. a3 Qd7 11. b4 Bd4 12. Nxd4 Nxd4 13. Be3 Nb5 14. Nxb5 Qxb5
15. c4 Qa6 16. Bg5 Nd7 17. Qg4 f6 18. Bh6 Rf7 19. Rfe1 Kf8 20. Bd2 b5 21. Qf5
g6 22. Bh6+ Kg8 23. cxb5 Qxb5 24. Qf3 f5 25. exf5 Rxf5 26. Qxa8+ Kf7 27. d4 Qd3
28. Qd5+ 1-0

[Event "DEM U10/U10w 2000"]
[Site "Überlingen GER"]
[Date "2000.06.09"]
[Round "10"]
[White "Cammann, Tim"]
[Black "Wassilian, Diana"]
[Result "0-1"]
[Termination "normal"]
[Board "32"]
[WhiteElo "266"]
[BlackElo "889"]
[PlyCount "70"]
[EventCountry "GER"]
[EventRounds "11"]
[EventType "swiss"]
[EventDate "2000.06.03"]

1. e4 e5 2. Nf3 Nc6 3. Bc4 Bc5 4. Nc3 Nf6 5. d3 d6 6. O-O Bg4 7. h3 Bh5 8. Bg5
h6 9. Bh4 g5 10. Bg3 Nd4 11. a3 Bxf3 12. gxf3 h5 13. b4 Bb6 14. a4 a5 15. b5
Qd7 16. Kg2 g4 17. fxg4 hxg4 18. hxg4 Nxg4 19. Nd5 Rh6 20. f3 Nf6 21. Nxf6+
Rxf6 22. c3 Ne6 23. Qd2 Ke7 24. Bh4 Nf4+ 25. Kh1 Rh8 26. Qh2 Rh5 27. Ra2 Ke8
28. Rd1 Rfh6 29. Rdd2 Rxh4 30. Qxh4 Rxh4+ 31. Rh2 Rxh2+ 32. Rxh2 d5 33. Bb3 Qe7
34. Rh8+ Kd7 35. Bxd5 Qg5 0-1

[Event "DEM U10/U10w 2000"]
[Site "Überlingen GER"]
[Date "2000.06.09"]
[Round "10"]
[White "Zahn, Benno"]
[Black "Laake, Tamara"]
[Result "1-0"]
[Termination "normal"]
[Board "33"]
[WhiteElo "883"]
[BlackElo "492"]
[PlyCount "55"]
[WhiteFideId "24636070"]
[EventCountry "GER"]
[EventRounds "11"]
[EventType "swiss"]
[EventDate "2000.06.03"]

1. e4 e5 2. Nf3 Nc6 3. Bc4 Bc5 4. c3 Nf6 5. d4 exd4 6. cxd4 Bb4+ 7. Nc3 Nxe4 8.
O-O Nxc3 9. bxc3 Bxc3 10. Qb3 Bxa1 11. Bxf7+ Kf8 12. Bg5 Ne7 13. Re1 Nc6 14.
Bxd8 Nxd8 15. Bc4 b6 16. Qe3 Ne6 17. Rxa1 c6 18. Re1 d5 19. Ng5 Bd7 20. Nxe6+
Bxe6 21. Qxe6 dxc4 22. Qxc6 Kf7 23. Qxc4+ Kf8 24. Qc7 b5 25. Re7 Re8 26. Rf7+
Kg8 27. Rxg7+ Kf8 28. Qf7# 1-0

[Event "DEM U10/U10w 2000"]
[Site "Überlingen GER"]
[Date "2000.06.09"]
[Round "10"]
[White "Schleißinger, Patrick"]
[Black "Weber, Kristina"]
[Result "1-0"]
[Termination "normal"]
[Board "35"]
[WhiteElo "761"]
[BlackElo "704"]
[PlyCount "79"]
[EventCountry "GER"]
[EventRounds "11"]
[EventType "swiss"]
[EventDate "2000.06.03"]

1. e4 e5 2. Nf3 Nc6 3. Nc3 Nf6 4. Bc4 Bc5 5. d3 O-O 6. Bg5 h6 7. Bh4 d6 8. h3
Be6 9. O-O a6 10. Nd2 b5 11. Bd5 Bxd5 12. Nxd5 g5 13. Nxf6+ Qxf6 14. Bg3 Qg6
15. Qg4 f5 16. exf5 Qxf5 17. Qh5 Kh7 18. h4 Rg8 19. Ne4 Nd4 20. hxg5 Ne2+ 21.
Kh2 Qg6 22. Nf6+ Kg7 23. Qxg6+ Kxg6 24. Nxg8 Rxg8 25. Rae1 Nxg3 26. Kxg3 hxg5
27. c3 Bb6 28. b4 Rf8 29. a4 bxa4 30. Ra1 Rf4 31. Rxa4 Kh5 32. Rxa6 Rg4+ 33.
Kf3 Rf4+ 34. Ke2 e4 35. d4 g4 36. Ra8 Rf5 37. Rh1+ Kg5 38. Rg8+ Kf6 39. Rf8+
Ke6 40. Rh6+ 1-0

[Event "DEM U10/U10w 2000"]
[Site "Überlingen GER"]
[Date "2000.06.09"]
[Round "10"]
[White "Stöhr, Constantin"]
[Black "Müller, Jonathan"]
[Result "1-0"]
[Termination "normal"]
[Board "36"]
[WhiteElo "742"]
[BlackElo "487"]
[PlyCount "75"]
[EventCountry "GER"]
[EventRounds "11"]
[EventType "swiss"]
[EventDate "2000.06.03"]

1. e4 c5 2. Nf3 Nc6 3. d4 cxd4 4. Nxd4 d6 5. Nc3 g6 6. Be3 Bg7 7. Qd2 Nf6 8.
O-O-O O-O 9. Be2 Ng4 10. Nf3 Nxe3 11. Qxe3 Be6 12. a3 a6 13. Ng5 Qd7 14. f4 Bg4
15. e5 Bxe2 16. Qxe2 Qc7 17. exd6 exd6 18. Qd3 Rfd8 19. f5 Ne5 20. Qh3 h6 21.
Nf3 Nc6 22. fxg6 fxg6 23. Qe6+ Kh8 24. Qxg6 Ne7 25. Qd3 Qc6 26. Rhe1 Ng8 27.
Re6 Be5 28. Nxe5 dxe5 29. Rxc6 Rxd3 30. Rxh6+ Nxh6 31. Rxd3 Rf8 32. Rh3 Kg7 33.
Rg3+ Kh7 34. Kd2 Rd8+ 35. Ke2 e4 36. Nxe4 Re8 37. Kf3 Nf5 38. Nf6+ 1-0

[Event "DEM U10/U10w 2000"]
[Site "Überlingen GER"]
[Date "2000.06.09"]
[Round "10"]
[White "Braun, Konstantin"]
[Black "Fröschle, Luzie"]
[Result "1-0"]
[Termination "normal"]
[Board "37"]
[WhiteElo "170"]
[BlackElo "876"]
[PlyCount "59"]
[BlackFideId "24631221"]
[EventCountry "GER"]
[EventRounds "11"]
[EventType "swiss"]
[EventDate "2000.06.03"]

1. e4 e5 2. Nf3 Nc6 3. Bc4 Bc5 4. O-O Nf6 5. d3 d6 6. h3 Be6 7. Bb3 O-O 8. Bg5
Nd4 9. Nc3 h6 10. Bh4 Nxb3 11. cxb3 Bd4 12. Rc1 c6 13. Nxd4 exd4 14. Ne2 d5 15.
Nxd4 dxe4 16. dxe4 Nxe4 17. Bxd8 Raxd8 18. f3 Nf6 19. Rc3 c5 20. Rd3 cxd4 21.
Rxd4 Nd5 22. Re1 Rd7 23. Qc2 Rfd8 24. Kf2 Ne3 25. Rxd7 Nxc2 26. Rxd8+ Kh7 27.
Rc1 Nb4 28. a3 Na2 29. Rc7 Bxb3 30. Rxb7 1-0